| 000 | 00529nam a2200181 a 4500 | ||
|---|---|---|---|
| 005 | 20210223124243.0 | ||
| 008 | 010716s1993 es r 000 0 spa d | ||
| 020 | _a8486368774 | ||
| 035 | _aUPN01000109638 | ||
| 049 | _aCG | ||
| 050 | 4 |
_aKHH3421 _bG3.3 |
|
| 100 | 1 |
_aGarcía García, Jesús R., _d1948- |
|
| 245 | 1 | 0 |
_aGuía legal del medioambiente en España / _cJesús R. García García. |
| 260 |
_aSalamanca, Esp. : _bAmarú, _c1993. |
||
| 300 | _a256 p. | ||
| 650 | 4 |
_aDERECHO AMBIENTAL - _zESPAÑA _914076 |
|
| 905 | _aLibro | ||
| 999 |
_c83549 _d83549 |
||